00734nam a2200205ra 450000100060000000300080000600500170001400800410003103500190007204000270009104100080011808200210012610000400014724501100018726000460029730000330034350400610037665100450043765100460048224932BD-RjUL20211209050815.0140315s1955 enkb b 00100 eng d a(BD-RjUL)25001 aDLCbengcDLCdBD-RjUL aeng04a944.06bLEB 19551 aLeys, M. D. R.q(Mary Dorothy Rose)10aBetween two empires :ba history of French politicians and people between 1814 and 1848 /cM. D. R. Leys. aLondon :bLongmans, Green and Co.,c1955. aix, 276 p. :bmaps ;c23 cm. aIncudes bibliographical references (p. 271) and indexes. 0aFrancexHistoryyRestoration, 1814-1830. 0aFrancexHistoryyLouis Philip, 1830-1848.